Central Library OPAC University of Rajshahi

Le Massif de l'Atakor et ses bordures (Sahara central), étude géomorphologique ... (Record no. 11250)

MARC details
000 -LEADER
fixed length control field 01003cam a22003011 4500
001 - CONTROL NUMBER
control field 11250
003 - CONTROL NUMBER IDENTIFIER
rucl marc code BD-RjUL
005 - DATE AND TIME OF LATEST TRANSACTION
control field 20211208235108.0
008 - FIXED-LENGTH DATA ELEMENTS--GENERAL INFORMATION
fixed length control field 140126s1967 fr af b f000 0 fre
035 ## - SYSTEM CONTROL NUMBER
System control number BD-RjUL
System control number (OCoLC)4265282
040 ## - CATALOGING SOURCE
Original cataloging agency DLC
Transcribing agency IU
Modifying agency OCoLC
-- (BD-RjUL)
Language of cataloging eng
041 ## - LANGUAGE CODE
Language code of text/sound track or separate title eng
082 ## - DEWEY DECIMAL CLASSIFICATION NUMBER
Classification number 551.4309657
Edition number 16
Author mark and year ROG 1967
100 1# - MAIN ENTRY--PERSONAL NAME
Personal name Rognon, P.
Fuller form of name (Pierre)
9 (RLIN) 34816
245 13 - TITLE STATEMENT
Title Le Massif de l'Atakor et ses bordures (Sahara central), étude géomorphologique ...
260 ## - PUBLICATION, DISTRIBUTION, ETC. (IMPRINT)
Place of publication, distribution, etc. Paris :
Name of publisher, distributor, etc. Éditions du centre national de la recherche scientifique,
Date of publication, distribution, etc. 1967.
300 ## - PHYSICAL DESCRIPTION
Pagination 560 p. :
Illustrations illus. ; plates (part col.)
Size 27 cm.
490 1# - SERIES STATEMENT
Series statement Centre de recherches sur les zones arides
500 ## - GENERAL NOTE
General note Illustrated cover.
General note Fold. col. map (in pocket)
504 ## - BIBLIOGRAPHY, ETC. NOTE
Bibliography, etc Bibliography: p. [537]-546.
650 #0 - SUBJECT ADDED ENTRY--TOPICAL TERM
Topical term or geographic name as entry element Geomorphology
Geographic subdivision Algeria
-- Atakor Plateau.
9 (RLIN) 34818
942 ## - ADDED ENTRY ELEMENTS (KOHA)
Source of classification or shelving scheme Dewey Decimal Classification
Koha item type Books
Holdings
Lost status Source of classification or shelving scheme Damaged status Not for loan Collection code Permanent Location Current Location Shelving location Date acquired Source of acquisition Total Checkouts Full call number Date last seen Copy number Koha item type
  Dewey Decimal Classification   Not For Loan Non-fiction Central Library, University of Rajshahi Central Library, University of Rajshahi Reading Room 30/05/1970 Zeitherger   551.4309657 ROL 1967 26/01/2014 C-1 Books